书目信息 |
| 题名: |
穴播地膜小麦栽培技术
|
|
| 作者: | 李守廉 著 | |
| 分册: | ||
| 出版信息: | 北京 科学出版社出版社 1998 |
|
| 页数: | 112 | |
| 开本: | 20cm | |
| 丛书名: | 金穗丛书 | |
| 单 册: | ||
| 中图分类: | S512.1 | |
| 科图分类: | ||
| 主题词: | 禾谷类作物 | |
| 电子资源: | ||
| ISBN: | 7-03-006406-2 | |
| 000 | 00581nam0 2200205 450 | |
| 001 | 0754114953 | |
| 005 | 20070929150154.95 | |
| 010 | @a7-03-006406-2 | |
| 100 | @a20070929d km y0chiy0120 ea | |
| 101 | 0 | @achi |
| 200 | 1 | @a穴播地膜小麦栽培技术@Axue bo di mo xiao mai zai pei ji shu@f李守廉 著@Fli shou lian zhu |
| 210 | @a北京@c科学出版社出版社@d1998 | |
| 215 | @a112@d20cm | |
| 225 | 2 | @a金穗丛书 |
| 410 | 0 | @12001 @a金穗丛书 |
| 606 | 0 | @a禾谷类作物 |
| 690 | @aS512.1@v3 | |
| 701 | 0 | @a李守廉@Ali shou lian@4著 |
| 801 | 0 | @aCN@bPFT@c20070929 |
| 905 | @a213230@dS512.1@eh12@f1 | |
| 穴播地膜小麦栽培技术/李守廉 著.-北京:科学出版社出版社,1998 |
| 112;20cm.-(金穗丛书) |
| ISBN 7-03-006406-2: |
| ● |
| 相关链接 |
|
|
|
|
正题名:穴播地膜小麦栽培技术
索取号:S512.1/h12
 
预约/预借
| 序号 | 登录号 | 条形码 | 馆藏地/架位号 | 状态 | 备注 |
| 1 | 6001207 | 260012079 | 密集书库-化学系/ [索取号:S512.1/h12] | 在馆 |